| 000 | 00326nam a2200109Ia 4500 | ||
|---|---|---|---|
| 008 | 220204s9999 xx 000 0 und d | ||
| 082 |
_a621.317(035) _bROB |
||
| 100 | _aRobinson, Vester | ||
| 245 | 0 | _aHandbook of electronic instrumentation, testing, and troubleshooting | |
| 260 |
_aBombay _bD B Taraporevala _c1979 |
||
| 942 | _cBK | ||
| 999 |
_c31324 _d31324 |
||